| 000 | 00443nam a22001577a 4500 | ||
|---|---|---|---|
| 005 | 20260421111946.0 | ||
| 008 | 260421b |||||||| |||| 00| 0 eng d | ||
| 020 | _qhbk | ||
| 082 | _a348.7323 UNI.49 | ||
| 245 | _aUnited stetes code services:Transportation 10901-14900 title 49 USCS | ||
| 250 | _aLawyers | ||
| 260 |
_acharlottesville: _bLexis Nexis, _c2004. |
||
| 300 |
_axxx,806p. _c:24cm. |
||
| 650 | _aTransportation | ||
| 942 | _cENGLISH | ||
| 999 |
_c619659 _d619659 |
||